北京市第一批全国重点文物保护单位 National priority cultural relic protection sites - Statistics

General Stats
  • This quiz has been taken 44 times
  • The average score is 10 of 18
Answer Stats
行政区 门类 名称 时代 % Correct
东城区 古建筑及历史纪念建筑物 故宫 明、清
97%
海淀区 古建筑及历史纪念建筑物 颐和园
89%
东城区 古建筑及历史纪念建筑物 天坛 明、清
87%
房山区 古遗址 周口店遗址 旧石器时代
79%
昌平区 古墓葬 十三陵
79%
东城区 革命遗址及革命纪念建筑物 天安门
74%
延庆区 古建筑及历史纪念建筑物 万里长城—八达岭
68%
丰台区 革命遗址及革命纪念建筑物 卢沟桥(包括宛平县城)
63%
东城区 革命遗址及革命纪念建筑物 人民英雄纪念碑 1958年
58%
东城区 革命遗址及革命纪念建筑物 北京大学红楼 1916年
50%
西城区 古建筑及历史纪念建筑物 北海及团城 明、清
45%
东城区 古建筑及历史纪念建筑物 雍和宫
39%
西城区 古建筑及历史纪念建筑物 妙应寺白塔
34%
东城区 古建筑及历史纪念建筑物 国子监
29%
昌平区 古建筑及历史纪念建筑物 居庸关云台
29%
房山区 古建筑及历史纪念建筑物 房山云居寺塔及石经 隋、唐、辽、金
21%
东城区 古建筑及历史纪念建筑物 智化寺
18%
海淀区 古建筑及历史纪念建筑物 真觉寺金刚宝座(五塔寺塔)
16%
No matching quizzes found
Score Distribution
Percent of People with Each Score
Percentile by Number Answered
Your Score History
You have not taken this quiz